=LDR 00000nam 2200000 4500 =001 INLIS000000000023534 =005 20130612122206 =008 ***********************************Ind** =035 ##$$0010-061300000023534 =041 ##$$a Ind =082 ##$$a 028.5 =090 ##$$a 028.5, Alm b =100 ##$$a Alimuhdar, Zahra =245 ##$$a Bukan milik kita, Bimbingan akhlak puta-putri anda, Zahra Almuhdar =260 ##$$a 2000 $b Surabaya =300 ##$$a ii, 16 hlm, ilus, 29 cm =650 ##$$a Tuntunan akhlak =850 ##$$a NBPNMAT